Capitals from only two letters - Statistics

General Stats
  • This quiz has been taken 19 times
  • The average score is 20 of 62
Answer Stats
Letters Capital % Correct
ex Mexico City
87%
xi Mexico City
87%
cc Accra
67%
mm Amman
60%
gh Baghdad
53%
hd Baghdad
53%
zz Brazzaville
53%
ux Luxembourg
53%
xe Luxembourg
53%
qu Quito
53%
ij Beijing
47%
rl Berlin
47%
dd Addis Ababa
40%
gk Bangkok
40%
ry Conakry
40%
kj Reykjavik
40%
yk Reykjavik
40%
iy Riyadh
40%
pj Skopje
40%
fi Sofia
40%
tu Tunis
40%
uz Vaduz
40%
sm Asmara
33%
ee Freetown
33%
fr Freetown
33%
oi Hanoi
33%
dr Madrid
33%
by Port Moresby
33%
ck Stockholm
33%
uv Suva
33%
iu Vilnius
33%
ln Vilnius
33%
pi Apia
27%
hg Ashgabat
27%
rn Bern
27%
cu Damascus
27%
hm Kathmandu
27%
ew New Delhi
27%
lh New Delhi
27%
ye Yerevan
27%
uj Abuja
20%
af Funafuti
20%
uw Kuwait City
20%
gw Lilongwe
20%
nr Monrovia
20%
ay Naypyidaw
20%
yi Naypyidaw
20%
kc Nouakchott
20%
gy Pyongyang
20%
wi Windhoek
20%
ve Andorra la Vella
13%
fo Bloemfontein
13%
mf Bloemfontein
13%
fa Nuku'alofa
13%
lt Nur-Sultan
13%
lv San Salvador
13%
lp Tegucigalpa
13%
io Asuncion
7%
ug Ouagadougou
7%
ce Port-au-Prince
7%
ea Roseau
7%
ct Victoria
7%
No matching quizzes found
Score Distribution
Percent of People with Each Score
Percentile by Number Answered
Your Score History
You have not taken this quiz